|
|
|
|
| LEADER |
01401nam a2200301 a 4500 |
| 001 |
3560435 |
| 008 |
111031r19981982nyua b 001 0 eng |
| 010 |
|
|
|a 98021476
|
| 020 |
|
|
|a 0486402584 (pbk.)
|a 8120311396
|
| 040 |
|
|
|a DLC
|c DLC
|d DLC
|d BD-DhAAL
|
| 082 |
0 |
0 |
|a 519.3
|2 21
|
| 999 |
|
|
|c 11378
|d 11378
|
| 999 |
|
|
|c 11378
|
| 100 |
1 |
|
|a Papadimitriou, Christos H.
|9 2289
|
| 245 |
1 |
0 |
|a Combinatorial optimization :
|b algorithms and complexity /
|c Christos H. Papadimitriou, Kenneth Steiglitz.
|
| 260 |
|
|
|a Mineola, N.Y. :
|b Dover Publications,
|c 1998.
|
| 300 |
|
|
|a xvi, 496 p. :
|b ill. ;
|c 22 cm.
|
| 500 |
|
|
|a Originally published: Englewood Cliffs, N.J. : Prentice Hall, c1982. With new pref.
|
| 504 |
|
|
|a Includes bibliographical references and index.
|
| 541 |
|
|
|e 00023784
|
| 650 |
|
0 |
|a Mathematical optimization.
|9 2290
|
| 650 |
|
0 |
|a Combinatorial optimization.
|9 2291
|
| 650 |
|
0 |
|a Computational complexity.
|9 2292
|
| 700 |
1 |
|
|a Steiglitz, Kenneth,
|d 1939-
|9 2293
|
| 852 |
1 |
|
|a Ayesha Abed Library
|c General shelf.
|
| 942 |
|
|
|2 ddc
|c BK
|
| 952 |
|
|
|0 0
|1 0
|2 ddc
|4 0
|6 519_300000000000000_PAP
|7 0
|9 18480
|a BRACUL
|b BRACUL
|c GEN
|d 2011-10-26
|e TRIM EDUCATION
|g 1890.00
|l 1
|m 30
|o 519.3 PAP
|p 3010023784
|r 2025-03-11
|s 2024-06-04
|t 1
|w 2011-11-01
|y BK
|
| 952 |
|
|
|0 0
|1 0
|2 ddc
|4 0
|6 519_300000000000000_PAP
|7 0
|9 22926
|a BRACUL
|b BRACUL
|c GEN
|d 2013-07-19
|g 263.00
|l 3
|m 26
|o 519.3 PAP
|p 3010013113
|r 2025-09-04
|s 2025-04-30
|t 2
|w 2013-07-19
|y BK
|